书目信息 |
| 题名: |
一级注册结构工程师专业考试复习教程
|
|
| 作者: | 施岚青 , 陈嵘 主编 | |
| 分册: | 上 | |
| 出版信息: | 北京 中国建筑工业出版社 2024 |
|
| 页数: | 2册(1556页) | |
| 开本: | 26cm | |
| 丛书名: | 2024执业资格考试丛书 | |
| 单 册: | ||
| 中图分类: | TU3 | |
| 科图分类: | ||
| 主题词: | 建筑结构--资格考试--自学参考资料 | |
| 电子资源: | ||
| ISBN: | 978-7-112-29699-6 | |
| 000 | 01224oam2 2200277 450 | |
| 001 | 01235728 | |
| 005 | 20240710155503.0 | |
| 010 | @a978-7-112-29699-6@dCNY144.50 | |
| 100 | @a20240507d2024 em y0chiy0120 ea | |
| 101 | 0 | @achi |
| 102 | @aCN@b110000 | |
| 105 | @aa z 000yy | |
| 106 | @ar | |
| 200 | 1 | @a一级注册结构工程师专业考试复习教程@9yi ji zhu ce jie gou gong cheng shi zhuan ye kao shi fu xi jiao cheng@f施岚青,陈嵘主编@h上 |
| 210 | @a北京@c中国建筑工业出版社@d2024 | |
| 215 | @a2册(1556页)@c图@d26cm | |
| 225 | 2 | @a2024执业资格考试丛书 |
| 330 | @a本《复习教程》紧扣行业规范,反映考试热点,从专业原理与考试规范结合的角度阐达述考试内容使考生理解规范后再应用于考试,一直深受考生好评,2015年至2023年已出版九次。2024版将在2023版的基础上进一步优化和精简,继续对低频、低分、理论内容采用数字增值服务;计算参数用的表格尽量删除,保留一小部分内容;根据近几年的考题,结合新规范,删除旧例题,增加新例题。修订将更方便考生有针对性和重点的复习和备考。 | |
| 461 | 0 | @12001 @a2024执业资格考试丛书 |
| 586 | @a | |
| 606 | 0 | @a建筑结构@x资格考试@j自学参考资料 |
| 690 | @aTU3@v5 | |
| 701 | 0 | @a施岚青@9shi lan qing@4主编 |
| 701 | 0 | @a陈嵘@9chen rong@4主编 |
| 801 | 0 | @aCN@c20240710 |
| 905 | @dTU3@eS492-14:1@f1@sTU3/S492-14:1@S@Z | |
| 一级注册结构工程师专业考试复习教程/施岚青,陈嵘主编.上.-北京:中国建筑工业出版社,2024 |
| 2册(1556页):图;26cm.-(2024执业资格考试丛书) |
| ISBN 978-7-112-29699-6:CNY144.50 |
| 本《复习教程》紧扣行业规范,反映考试热点,从专业原理与考试规范结合的角度阐达述考试内容使考生理解规范后再应用于考试,一直深受考生好评,2015年至2023年已出版九次。2024版将在2023版的基础上进一步优化和精简,继续对低频、低分、理论内容采用数字增值服务;计算参数用的表格尽量删除,保留一小部分内容;根据近几年的考题,结合新规范,删除旧例题,增加新例题。修订将更方便考生有针对性和重点的复习和备考。 |
| ● |
| 相关链接 |
|
|
|
正题名:一级注册结构工程师专业考试复习教程
索取号:TU3/S492-14:1
 
预约/预借
| 序号 | 登录号 | 条形码 | 馆藏地/架位号 | 状态 | 备注 |
| 1 | 21618401 | 216184019 | 建筑库101/101建筑库 74排3列3层/ [索取号:TU3/S492-14:1] | 在馆 |